| 000 | 00978nam a22003017a 4500 | ||
|---|---|---|---|
| 003 | CHAP | ||
| 005 | 20220805151543.0 | ||
| 008 | 971013s1987 r 00010 d | ||
| 010 | _a54420 | ||
| 011 | _a55392 | ||
| 035 | _a59544 | ||
| 040 | _cCHAP | ||
| 100 | 0 | 0 |
_aAceves Navarro, Lorenzo Armando. _9531 |
| 245 | _aAgroclimates procedures related to crop production in the north central region of the U.S.A. | ||
| 260 |
_aLincoln, Nebraska : _bThe author, _c1987 |
||
| 300 | _a111 h. | ||
| 500 | _aThesis (Doctor in Phylosophy Major Horticulture) -- University of Nebraska Graduate College | ||
| 590 |
_aBATCH-UPD _b10 _c20130109 |
||
| 590 |
_aBATCH-UPD _b10 _c20130110 |
||
| 590 |
_aBATCH-UPD _b10 _c20130410 |
||
| 590 |
_aBATCH-UPD _b10 _c20130913 |
||
| 590 |
_aCONVERSION _b10 _c20130109 |
||
| 650 | 1 | 4 |
_aCultivos y clima. _930392 |
| 650 | 1 | 4 |
_aMeteorologĂa agrĂcola. _975217 |
| 901 | _aBK | ||
| 942 |
_cLIBRO _2ddc |
||
| 949 |
_bBC _d-128761 _eLIBRO _h20904 _i59544 _si |
||
| 999 |
_c54420 _d54420 |
||